| 000 | 004990000a22001810004500 | ||
|---|---|---|---|
| 041 | 0 | _aENG | |
| 082 | 0 | 4 | _aG 121 K1677p |
| 100 | 1 | _aKant, Immanuel (1724-1804) | |
| 245 | 1 | 0 | _aProlegomena to any future metaphysics / Immanuel Kant |
| 260 | _aNew York, USA : Bobbs-Merrill | ||
| 300 | _a136 Pag. | ||
| 650 | 1 | 4 | _aMETAFISICA \ TEORIA DEL CONOCIMIENTO |
| 001 | 618 | ||
| 942 | _cBK | ||
| 999 |
_c32119 _d32119 |
||
| 336 |
_atexto _btxt _2rdacontent |
||
| 337 |
_2rdamedia _asin mediación _bn |
||
| 338 |
_2rdacarrier _avolumen _bnc |
||